|
|
|
|
| LEADER |
01325nam a2200277 i 4500 |
| 001 |
10096614 |
| 003 |
upatras |
| 005 |
20230118142851.0 |
| 008 |
120313r20071978gr g gre d |
| 952 |
|
|
|0 0
|1 0
|2 ddc
|4 0
|6 882_210000000000000_DOV
|7 0
|9 373007
|a THST
|b THST
|d 2023-06-28
|i 017740
|l 0
|o 882.21 DOV
|p 025000300059
|r 2023-06-28 00:00:00
|t 2
|w 2023-06-28
|y BK15
|
| 999 |
|
|
|c 141196
|d 141196
|
| 020 |
|
|
|a 9789602502044
|
| 040 |
|
|
|a GR-PaULI
|b gre
|c GR-PaULI
|e AACR2
|
| 082 |
0 |
4 |
|a 882.01
|2 23
|
| 100 |
1 |
|
|9 3222
|a Dover, K. J.
|q (Kenneth James)
|d 1920-2010
|e συγγραφέας.
|
| 245 |
1 |
2 |
|a Η κωμωδία του Αριστοφάνη /
|c K. J. Dover ; μετάφραση Ι. Κακριδής.
|
| 250 |
|
|
|a 7η ανατύπωση
|
| 260 |
|
|
|a Αθήνα :
|b Μορφωτικό Ίδρυμα Εθνικής Τραπέζης,
|c 2007.
|
| 300 |
|
|
|a 349 σ. ;
|c 22 εκ.
|
| 500 |
|
|
|a Δωρεά Καρακάντζα. Νοέμβριος 2012.
|
| 504 |
|
|
|a Περιλαμβάνει βιβλιογραφία και ευρετήριο.
|
| 600 |
0 |
4 |
|a Αριστοφάνης
|d 444-388
|x Ερμηνεία και κριτική.
|9 541
|
| 650 |
|
4 |
|a Ελληνικό δράμα (Κωμωδία)
|9 6996
|
| 700 |
1 |
|
|a Κακριδής, Φάνης Ι.,
|d 1933-2019
|e μεταφραστής.
|9 4818
|
| 942 |
|
|
|2 ddc
|c BK15
|
| 998 |
|
|
|c ΒΑΣΙΛΕΙΟΥ
|d 2019-05
|